Anagramy - polscy siatkarze. - Statystyki

Ogólne statystyki
  • Ten quiz został rozwiązany 86 razy
  • Średni wynik to 10 z 16
Statystyki odpowiedzi
Wskazówka Odpowiedź % Poprawnych
Bruno Herbert Norbert Huber
93%
kura bez krost Bartosz Kurek
81%
elf lew i rondo Wilfredo Leon
77%
Jan nuci marsz Marcin Janusz
76%
na maszt Floro Tomasz Fornal
74%
raj bądź błoto miłe Bartłomiej Bołądź
68%
Wanda skreśla leki Aleksander Śliwka
62%
mecz go rozgrzał Grzegorz Łomacz
62%
koja w kuchni sobka Jakub Kochanowski
59%
poczuj bak piwka Jakub Popiwczak
58%
kolor skał Karol Kłos
58%
but ma kieszenie Mateusz Bieniek
58%
kalumnie misek Kamil Semeniuk
55%
człek szuka Marka Łukasz Kaczmarek
55%
wołki pasterza Paweł Zatorski
53%
rozrost bez band Bartosz Bednorz
46%
Nie znaleziono quizów pasujących do podanych kryteriów
Rozkład punktacji
Procent ludzi z każdym wynikiem
Percentyl według liczby udzielonych odpowiedzi
Twoja historia wyników
Nie rozwiązałeś tego quizu